00890cam a2200229 45000010005000000030006000050050017000110080041000280100013000690200015000821000030000972450087001272460058002142500031002722600046003033000035003495040066003846500037004506500022004879990015005099520136005242218OCoLC20181127164752.0980205s1997 nyua b 001 0 eng d z96019401 a03121590051 aErdman, Paul,d1932-2007.10aTug of war :bwhy you should care about the global currency crisis /cPaul Erdman.30aWhy you should care about the global currency crisis. a1st. St. Martin's pbk. ed. aNew York :bSt. Martin's Griffen,cc1997. aviii, 175 p. :bill. ;c21 cm. aIncludes bibliographical references (p. [165]-167) and index. 0aForeign exchange administration. 0aForeign exchange. c1757d1757 00102ddc40708MAINaRTCLIBbRTCLIBcMAINh i1665l1m1o332.45 ERDp30001708r2019-04-25 00:00:00s2019-03-05w2018-11-27yMAIN